Normale Ansicht MARC-Ansicht

Eintrag Personenname

Verwendet in 8 Titel(n)

001 - Kontrollnummer

  • Kontrollfeld: 6786

003 - Kontrollnummer Identifier

  • Kontrollfeld: RU-10907106

005 - Datum und Zeit der letzten Transaktion

  • Kontrollfeld: 20220522195446.0

008 - Datenelemente mit fester Länge

  • Kontrollfeld mit fester Länge: 220522|| aca||aabn | a|a d

040 ## - Katalogisierungsquelle

  • Original-Katalogisierungsstelle: RU-10907106
  • Übertragungsstelle: RU-10907106

100 ## - Ansetzung - Personenname

  • Personenname: Katharina
  • Zählung: II.
  • Titel und andere Wörter in Verbindung mit einem Namen: Russland, Zarin
  • Datumsangaben in Verbindung mit einem Namen: 1729-1796

670 ## - Datenquelle

  • Quellenangabe: Work cat.: (RU-10907106)60054: Catherine II & l'Europe